书目信息 |
| 题名: |
瑜伽饮食养生全书
|
|
| 作者: | 杨逢财 , 江信慧 著 | |
| 分册: | ||
| 出版信息: | 西安 陕西师范大学出版社 2005 |
|
| 页数: | 155页 | |
| 开本: | 24cm | |
| 丛书名: | ||
| 单 册: | ||
| 中图分类: | R214 | |
| 科图分类: | ||
| 主题词: | 瑜伽术--饮食--基本知识 , 瑜伽术 , 饮食 | |
| 电子资源: | ||
| ISBN: | 7-5613-3011-1 | |
| 000 | 00914nam0 2200277 450 | |
| 001 | 010050032043 | |
| 005 | 20061105102025.31 | |
| 010 | @a7-5613-3011-1@dCNY36.00 | |
| 100 | @a20051123d2005 em y0chiy0110 ea | |
| 101 | 0 | @achi |
| 102 | @aCN@b610000 | |
| 105 | @aa z 000yy | |
| 200 | 1 | @a瑜伽饮食养生全书@9yu jia yin shi yang sheng quan shu@f杨逢财,江信慧著 |
| 210 | @a西安@c陕西师范大学出版社@d2005 | |
| 215 | @a155页@c图@d24cm | |
| 305 | @a由台湾城邦出版集团商周出版社授权 | |
| 330 | @a本书提供了有关素食养生切实可行的生活知识,也针对不同体型的人讲述了饮食的原则和烹调的道理。 | |
| 510 | 1 | @aThe Compete Guide to the Nauture Food and You in Ayurveda@zeng |
| 606 | 0 | @a瑜伽术@x饮食@x基本知识 |
| 606 | 0 | @a瑜伽术 |
| 606 | 0 | @a饮食 |
| 690 | @aR214@v4 | |
| 701 | 0 | @a杨逢财@9yang feng cai@4著 |
| 701 | 0 | @a江信慧@9jiang xin hui@4著 |
| 801 | 0 | @aCN@bRENTIAN@c20061105 |
| 905 | @a10447@dR214@e168 | |
| 瑜伽饮食养生全书/杨逢财,江信慧著.-西安:陕西师范大学出版社,2005 |
| 155页:图;24cm |
| ISBN 7-5613-3011-1:CNY36.00 |
| 本书提供了有关素食养生切实可行的生活知识,也针对不同体型的人讲述了饮食的原则和烹调的道理。 |
| ● |
| 相关链接 |
|
|
|
|
正题名:瑜伽饮食养生全书
索取号:R214/168
 
预约/预借
| 序号 | 登录号 | 条形码 | 馆藏地/架位号 | 状态 | 备注 |
| 1 | 0380973 | 203809735 | 第二样本阅览室/ [索取号:R214/168] | 在馆 | |
| 2 | 0380974 | 203809744 | 第三借阅区/ [索取号:R214/168] | 在馆 | |
| 3 | 0380975 | 203809753 | 第三借阅区/ [索取号:R214/168] | 在馆 | |
| 4 | 0380976 | 203809762 | 第三借阅区/ [索取号:R214/168] | 在馆 | |
| 5 | 0380977 | 203809771 | 第三借阅区/ [索取号:R214/168] | 在馆 |